<?xml version="1.0" encoding="UTF-8"?>
<record
    xmlns:xsi="http://www.w3.org/2001/XMLSchema-instance"
    xsi:schemaLocation="http://www.loc.gov/MARC21/slim http://www.loc.gov/standards/marcxml/schema/MARC21slim.xsd"
    xmlns="http://www.loc.gov/MARC21/slim">

  <leader>01173nam a2200301 a 4500</leader>
  <controlfield tag="001">27619</controlfield>
  <controlfield tag="003">BD-RJUL</controlfield>
  <controlfield tag="005">20211209051158.0</controlfield>
  <controlfield tag="008">140325s1965    be h          000 0 eng</controlfield>
  <datafield tag="035" ind1=" " ind2=" ">
    <subfield code="a">oxf98700413</subfield>
  </datafield>
  <datafield tag="035" ind1=" " ind2=" ">
    <subfield code="a">(BD-RJUL)27698</subfield>
  </datafield>
  <datafield tag="040" ind1=" " ind2=" ">
    <subfield code="a">DLC</subfield>
    <subfield code="c">YBM</subfield>
    <subfield code="d">m.c</subfield>
    <subfield code="b">eng</subfield>
  </datafield>
  <datafield tag="041" ind1=" " ind2=" ">
    <subfield code="a">eng</subfield>
  </datafield>
  <datafield tag="082" ind1=" " ind2=" ">
    <subfield code="a">822.3</subfield>
    <subfield code="b">JOB 1965</subfield>
  </datafield>
  <datafield tag="100" ind1="1" ind2=" ">
    <subfield code="a">Jonson, Ben,</subfield>
    <subfield code="d">1573?-1637.</subfield>
    <subfield code="9">84826</subfield>
  </datafield>
  <datafield tag="245" ind1="1" ind2="0">
    <subfield code="a">Ben Jonson's Poetaster :</subfield>
    <subfield code="b">or, The arraignment /</subfield>
    <subfield code="c">edited from the quarto of 1602 with comments on its text by Henry de Vocht ...</subfield>
  </datafield>
  <datafield tag="260" ind1=" " ind2=" ">
    <subfield code="a">Louvain :</subfield>
    <subfield code="b">Librairie universitaire, C. Uystpruyst,</subfield>
    <subfield code="c">1965</subfield>
  </datafield>
  <datafield tag="300" ind1=" " ind2=" ">
    <subfield code="a">4 p. l., 139, [1] p. :</subfield>
    <subfield code="b">ill. ;</subfield>
    <subfield code="c">26 cm</subfield>
  </datafield>
  <datafield tag="490" ind1="1" ind2=" ">
    <subfield code="a">Materialien zur Kunde des &#xE4;lteren Englischen Dramas ;</subfield>
    <subfield code="v">v. 9</subfield>
  </datafield>
  <datafield tag="500" ind1=" " ind2=" ">
    <subfield code="a">"The present edition aims at reproducing the original quarto as painfully exact as modern printing allows."--p. [101]</subfield>
  </datafield>
  <datafield tag="500" ind1=" " ind2=" ">
    <subfield code="a">Reprinted from the British museum copy; with facsimile of original t.p</subfield>
  </datafield>
  <datafield tag="830" ind1=" " ind2="0">
    <subfield code="v">v. 9</subfield>
    <subfield code="9">84833</subfield>
  </datafield>
  <datafield tag="700" ind1="1" ind2=" ">
    <subfield code="a">Vocht, Henry de,</subfield>
    <subfield code="d">1878-</subfield>
    <subfield code="9">84828</subfield>
  </datafield>
  <datafield tag="740" ind1="0" ind2=" ">
    <subfield code="a">Poetaster</subfield>
  </datafield>
  <datafield tag="830" ind1=" " ind2="0">
    <subfield code="a">Materialien zur Kunde des &#xE4;lteren Englischen Dramas ;</subfield>
    <subfield code="9">84834</subfield>
  </datafield>
  <datafield tag="942" ind1=" " ind2=" ">
    <subfield code="2">ddc</subfield>
    <subfield code="c">BK</subfield>
  </datafield>
  <datafield tag="999" ind1=" " ind2=" ">
    <subfield code="c">27619</subfield>
    <subfield code="d">27619</subfield>
  </datafield>
  <datafield tag="952" ind1=" " ind2=" ">
    <subfield code="0">0</subfield>
    <subfield code="1">0</subfield>
    <subfield code="2">ddc</subfield>
    <subfield code="4">0</subfield>
    <subfield code="7">0</subfield>
    <subfield code="8">NFIC</subfield>
    <subfield code="a">RUCL</subfield>
    <subfield code="b">RUCL</subfield>
    <subfield code="c">Stack</subfield>
    <subfield code="d">1968-11-11</subfield>
    <subfield code="e">Zeitlinger</subfield>
    <subfield code="g">61.60</subfield>
    <subfield code="l">0</subfield>
    <subfield code="o">822.3 JOB 1965</subfield>
    <subfield code="r">2014-03-25 00:00:00</subfield>
    <subfield code="t">C-2</subfield>
    <subfield code="w">2014-03-25</subfield>
    <subfield code="y">BK</subfield>
  </datafield>
</record>
